1551 1343 1241 1302 1584 1844 1762 1368 1334 1904 1368 1595 1244 1396 1919 1310 1400 1589 1696 1119 1083 1402 1510 1855 1245 1606 1329 1537 1676 1436 1574 1064 1401 1616 1544 1377 1698 1473 1549 1053 1084 1408 1860 1988 1879 1130 1170 1427 1849 1668 1778 1020 1824 1684 1820 1166 1396 1318 1519 1793 1731 1851 1118 1472 1320 1359 1185 1574 1873 1381 1996 1596 1121 1649 1221 1038 1365 1853 1166 1451 1466 1584 1189 1660 1415 1754 1589 1802 1265 1351 1892 1439 1279 1741 1617 1931 1001 1734 1672 BCNSPRNW ULIB Ver.6.0+V

เปลี่ยนเป็นภาษาไทย

Change to English
 แสดงรายละเอียดบรรณานุกรม
  กลับหน้าหลัก

Brief Record : Get Marc (ISO 2709) : E-mail record : QR code < ปิดหน้าต่าง
LEADER : 00000nam 2200000uu 4500
001    13399126168
003     ULIB
008    020711s2560 th a 000 0 tha d
020    ^a9786161135706
060    ^aWY157^bอ513ก
100    ^aอัจฉโรบล แสงประเสริฐ
245    ^aการดูแลภาวะความดันโลหิตสูงของสตรีตั้งครรภ์(ภาวะครรภ์เป็นพิษ)
250    ^aพิมพ์ครั้งที่ 1
260    ^aนครสวรรค์ :^bวิทยาลัยพยาบาลบรมราชชนนีสวรรค์ประชารักษ์ นครสวรรค์,^c2560
300    ^a105 หน้า;^b30 ซม.
650    ^aครรภ์เป็นพิษ
650    ^aสตรีตั้งครรภ์
650    ^aความดันโลหิตสูง
710    ^aวิทยาลัยพยาบาลบรมราชชนนีสวรรค์ประชารักษ์ นครสวรรค์
945    ^p0^l0^i004275
945    ^p0^l0^i004276
999    ^aประนอม เกษจรัล
รายการนี้ยังไม่มีแท็ก
คุณยังไม่ได้ล็อกอิน คุณสามารถมีกิจกรรมร่วมกับเว็บไซต์ได้ แต่ต้องล็อกอินก่อน ::
  ล็อกอิน

รายการสื่อสารสนเทศ

ลำดับที่ ประเภท เลขเรียก/บาร์โค้ด สถานที่ สถานะ
1. Book การพยาบาล
Book การพยาบาล
WY157 อ513ก ฉ.1 
  Barcode: 004275
ห้องสมุดวิทยาเขตสวรรค์ประชารักษ์
►หนังสือทั่วไป
บนชั้น
2. Book การพยาบาล
Book การพยาบาล
WY157 อ513ก ฉ.2 
  Barcode: 004276
ห้องสมุดวิทยาเขตสวรรค์ประชารักษ์
►หนังสือทั่วไป
บนชั้น

รายการใกล้เคียง
    ผู้แต่ง [อัจฉโรบล แสงประเสริฐ]

    หัวเรื่อง [สตรีตั้งครรภ์]
    หัวเรื่อง [ความดันโลหิตสูง]

BibComment


ยังไม่เคยถูกคอมเมนท์

คอมเมนท์ทรัพยากรรายการนี้
  คอมเมนท์: การดูแลภาวะความด..


 Copyright 2026. Bcnsprnw @Library